Statistics for Sumo Banzuke March 2023

Click here to take the quiz!

General Stats

  • This quiz has been taken 49 times
    (48 since last reset)
  • The average score is 44 of 74

Answer Stats

RankHeyaRikishi% Correct
O1wTokiwayamaTakakeisho
88%
Y1eIsegahamaTerunofuji
88%
K1eArashioWakamotoharu
88%
J1eTakasagoAsanoyama
82%
K2eOitekazeDaieisho
82%
J3eMinatoIchinojo
82%
S2eMichinokuKiribayama
82%
K1wSadogatakeKotonowaka
82%
M5wIsegahamaMidorifuji
82%
M2eShikoroyamaAbi
76%
J5wMiyaginoEnho
76%
M15eMiyaginoHokuseiho
76%
S1wTatsunamiHoshoryu
76%
M10wIsegahamaNishikifuji
76%
M8wKiseUra
76%
S1eArashioWakatakakage
76%
M9eKasuganoAoiyama
71%
M16eKokonoeChiyoshoma
71%
J6eTakekumaGonoyama
71%
M7eHakkakuHokutofuji
71%
M14eKiseKinbozan
71%
M15wOtakeOho
71%
M4eOnomatsuOnosho
71%
J5eFutagoyamaRoga
71%
M1wTokitsukazeShodai
71%
M12wIsegahamaTakarafuji
71%
M1eKataonamiTamawashi
71%
J2wKasuganoTochinoshin
71%
M11eTamanoiAzumaryu
65%
J4eKokonoeChiyomaru
65%
M8eHanaregomaIchiyamamoto
65%
M13wSadogatakeKotoeko
65%
M4wTatsunamiMeisei
65%
M3eDewanoumiMitakeumi
65%
M3wIsenoumiNishikigi
65%
J14wMiyaginoOchiai
65%
M2wTakadagawaRyuden
65%
M6wSakaigawaSadanoumi
65%
M11wTokiwayamaTakanosho
65%
M7wTaganouraTakayasu
65%
K2wOitekazeTobizaru
65%
J8wIsegahamaAtamifuji
59%
M13eOitekazeDaishoho
59%
M6eOitekazeEndo
59%
M9wSakaigawaHiradoumi
59%
M12eTakadagawaKagayaki
59%
M5eSadogatakeKotoshoho
59%
M17eNishikidoMitoryu
59%
M10eSakaigawaMyogiryu
59%
J7eTatsunamiAkua
53%
M14wFujishimaBushozan
53%
J4wNarutoOshoma
53%
J11eKiseShimanoumi
53%
M16wOitekazeTsurugisho
53%
J2eKokonoeChiyonokuni
47%
J6wOitekazeDaiamami
41%
J9wTakadagawaHakuyozan
41%
J8eKiseHidenoumi
41%
J11wHakkakuKitanowaka
41%
J3wTakadagawaShonannoumi
41%
J12wTokiwayamaTakakento
41%
J13eKataonamiTamashoho
41%
J1wTamanoiTohakuryu
41%
J14eKiseTokushoryu
41%
J13wNishinosekiTomokaze
41%
J10eArashioKotokuzan
35%
J7wHanaregomaShimazuumi
35%
J12eKasuganoTochimusashi
35%
J10wKiseChuranoumi
29%
J9eSakaigawaTsushimanada
29%
M17wNone
24%
O1eNone
24%
S2wNone
24%
Y1wNone
24%

Score Distribution

Percentile by Number Answered

Percent of People with Each Score

Your Score History

You have not taken this quiz since the last reset